01189nas a2200349 4500001001300000003000900013005001700022007000300039008003400042040005400076041000900130072001300139100002000152100001600172100002200188100001800210100001900228245013100247650002100378650001100399650000900410650001800419650001000437650001200447650001900459650002500478773010400503909004000607942001800647999001900665952015500684BR2013000566BR-BrBNA20231205121828.0ta230509b bl.|||p| |||| 00| 00por d aBR-BrBNAbporcBiblioteca Nacional de Agricultura a(Pt) aF40; P341 aSantos, F.C.dos1 aGomes, E.A.1 aOliveira, C.A. de1 aMarriel, I.E.1 aPolidoro, J.C.1 aPesquisas apontam o aumento da eficiência do uso de rochas fosfatadas pela associação com microrganismos solubilizadores aBIOLOGIA VEGETAL aGRÃO aSOLO aMICRORGANISMO aROCHA aFOSTATO aINOCULAÇÃO aFATOR DE CRESCIMENTO0 tRevista do Produtor Rural (Brazil)xISSN 1984-0004g(Jan-Feb 2012), v. 6(29) p. 46-47wBR2013000566 a202311bLúciac55dLúcia Elande 2AGRISn0cANA c225453d225453 002AGRIS4071a41918b41918cPeriódicos Agrícolash(Jan-Feb 2012), v. 6(29) p. 46-47l0r2023-11-29t01yCRePortaria Interministerial nº 164/94